<?xml version="1.0" encoding="UTF-8"?>
<record
    xmlns:xsi="http://www.w3.org/2001/XMLSchema-instance"
    xsi:schemaLocation="http://www.loc.gov/MARC21/slim http://www.loc.gov/standards/marcxml/schema/MARC21slim.xsd"
    xmlns="http://www.loc.gov/MARC21/slim">

  <leader>00517nam a2200193   4500</leader>
  <controlfield tag="003">NTShA</controlfield>
  <controlfield tag="005">20221212234347.0</controlfield>
  <controlfield tag="008">221209b        |||||||| |||| 00| 0 ukr d</controlfield>
  <datafield tag="040" ind1=" " ind2=" ">
    <subfield code="c">NTShA</subfield>
  </datafield>
  <datafield tag="100" ind1="1" ind2="0">
    <subfield code="6">880-01</subfield>
    <subfield code="a">&#x41A;&#x43E;&#x442;&#x43B;&#x44F;&#x440;, &#x41C;.&#x424;</subfield>
  </datafield>
  <datafield tag="245" ind1="1" ind2="0">
    <subfield code="6">880-02</subfield>
    <subfield code="a">&#x414;&#x430;&#x43D;&#x438;&#x43B;&#x43E; &#x413;&#x430;&#x43B;&#x438;&#x446;&#x44C;&#x43A;&#x438;&#x439;</subfield>
  </datafield>
  <datafield tag="260" ind1="3" ind2="0">
    <subfield code="a">&#x41A;&#x438;&#x457;&#x432;</subfield>
    <subfield code="b">&#x41D;&#x430;&#x443;&#x43A;&#x43E;&#x432;&#x430; &#x434;&#x443;&#x43C;&#x43A;&#x430;</subfield>
    <subfield code="c">1979</subfield>
  </datafield>
  <datafield tag="300" ind1="0" ind2="0">
    <subfield code="b">184&#x441;.</subfield>
    <subfield code="c">17 cm</subfield>
  </datafield>
  <datafield tag="546" ind1="0" ind2="0">
    <subfield code="a">Ukrainian</subfield>
  </datafield>
  <datafield tag="653" ind1="1" ind2="0">
    <subfield code="a">History</subfield>
  </datafield>
  <datafield tag="880" ind1="1" ind2="0">
    <subfield code="6">100-01/(B</subfield>
    <subfield code="a">Kotliar, M.F</subfield>
  </datafield>
  <datafield tag="880" ind1="1" ind2="0">
    <subfield code="6">245-02/(B</subfield>
    <subfield code="a">Danylo Halyts'kyi</subfield>
  </datafield>
  <datafield tag="942" ind1=" " ind2=" ">
    <subfield code="c">BK</subfield>
  </datafield>
  <datafield tag="952" ind1=" " ind2=" ">
    <subfield code="0">0</subfield>
    <subfield code="1">0</subfield>
    <subfield code="4">0</subfield>
    <subfield code="7">1</subfield>
    <subfield code="a">NTShA</subfield>
    <subfield code="b">NTShA</subfield>
    <subfield code="d">2022-12-12</subfield>
    <subfield code="l">0</subfield>
    <subfield code="o">8263</subfield>
    <subfield code="p">8263</subfield>
    <subfield code="r">2022-12-12 00:00:00</subfield>
    <subfield code="t">1</subfield>
    <subfield code="w">2022-12-12</subfield>
    <subfield code="y">BK</subfield>
  </datafield>
  <datafield tag="999" ind1=" " ind2=" ">
    <subfield code="c">8262</subfield>
    <subfield code="d">8262</subfield>
  </datafield>
</record>
